00506pab a2200169 454500008004000000100001400040245003500054260000900089300001200098362001100110650002300121650002700144773003400171909001000205999001700215952010400232180718b1998 xxu||||| |||| 00| 0 eng d aRao, S.L. aIndustry: the Indian dinosaurs c1998 ap.84-86 a17 Jan aIndia - Industries aIndustrial development aEconomic and Political Weekly a36996 c36996d36996 00104070aIIPAbIIPAd2018-07-19hVolume no: 33, Issue no: 3pAR37323r2018-07-19w2018-07-19yAR